| 000 | 01469nam0a2200313 4500 | ||
|---|---|---|---|
| 001 | RU\NLR\bibl\31575 | ||
| 005 | 20260406122000.0 | ||
| 010 |
_a5-7684-0505-4 _910000 |
||
| 021 |
_aRU _b98-42522 _92042 |
||
| 035 | _a(NLR Aleph) 000030761 | ||
| 090 |
_a153682 _c153682 |
||
| 100 | _a19990604d1998 |||y0rusy50 ca | ||
| 101 | 0 | _arus | |
| 102 | _aRU | ||
| 105 | _ay ||||||||| | ||
| 200 | 1 |
_aПришельцы в Гусляре _e[Рассказы, повести] _fКир Булычев |
|
| 210 |
_aСПб. _cАзбука _cКн. клуб "Терра" _d1998 |
||
| 215 |
_a478 с. _d21 |
||
| 225 | 1 | _aБольшая библиотека приключений и научной фантастики | |
| 327 | 1 | _aСодерж. : Рассказы : Космический десант; Свободный тиран; Титаническое поражение; Спонсора! ; Ответное чувство; Кладезь мудрости; Надо помочь; Разум в плену; Родимые пятна; Соблазн и др.; Повести : Нужна свободная планета; Глубокоуважаемый микроб | |
| 686 | _aШ6(2=Р)75-445 | ||
| 700 | 1 |
_4070 _8rus _7ca _aБулычев _bК. _f1934-2003 _gКир _3RU\NLR\auth\77650 _9110693 |
|
| 801 | 0 |
_aRU _bNLR _c19990604 _gPSBO |
|
| 801 | 1 |
_aRU _bNLR _c19990604 |
|
| 852 |
_aNLR _j99-3/4881 |
||
| 942 | _cBOOK | ||
| 980 | _aNB | ||